| 000 | 00359nam a22001457a 4500 | ||
|---|---|---|---|
| 008 | 251118b |||||||| |||| 00| 0 eng d | ||
| 020 | _a9788189401276 | ||
| 050 |
_aTA545 _b.A76 |
||
| 100 | _aARORA,K.R. | ||
| 245 | _aSurveying | ||
| 250 | _a11th ed. vol.iii | ||
| 260 |
_aDelhi _bRajsons Publication Private Limited _c2013 |
||
| 300 | _axi,482p. | ||
| 942 | _cBK | ||
| 999 |
_c4507 _d4507 |
||